000 00617nam a2200217 a 4500
999 _c2590
_d2590
001 2590
003 BD-JhCC
005 20171105093303.0
008 171105s1967 bg |||| ||a| 000 0 ben d
035 _a(BD-JhCC)2590
040 _aBD-JhCC
_dBD-JhCC
041 _aben
082 _a891.443
_bALI 1967
100 _aআলী, জোবেদ
245 _aগোধূলির ছটায় /
_cজোবেদ আলী,
260 _aঢাকা :
_bনওরোজ কিতাবিস্তান,
_c1967
300 _a112 p. :
_c20 cm.
650 _aBengali Novel
942 _2ddc
_cBK